| 000 | 00000nam##2200000za#4500 |
| 001 | 9.643999 |
| 003 | CaOODSP |
| 005 | 20250910142445 |
| 007 | cr ||||||||||| |
| 008 | 150407|2000||||xxc|||||o f|0| 0 fre|d |
| 040 | |aCaOODSP|bfre |
| 043 | |an-cn--- |
| 086 | 1 |aD2-348/2000F-PDF |
| 110 | 1 |aCanada. |bMinistère de la défense nationale. |
| 245 | 10|aMesure des valeurs éthiques au ministère de la Défense nationale : |h[ressource électronique]|brésultats de la recherche en 1999 : rapport de recherche commandité 00-1 / |cpar V. Catano, K. Kelloway, et Major J.E. Adams-Roy ; [publ. par] Direction - Recherche et évaluation en ressources humaines. |
| 246 | 14|aÉvaluation de base des valeurs éthiques au MDN, rapport - phase II |
| 260 | |aOttawa - Ontario : |bDéfense nationale |cJuillet 2000. |
| 300 | |a116p.|bfigure, graphiques, références, tableaux |
| 500 | |a« Programme d'Éthique de la Défense »--p.1 de 116. |
| 590 | |a14-20-Supp|b2014-11-25 |
| 691 | 07|aArmée|2gcpds |
| 691 | 07|aÉthique|2gcpds |
| 691 | 07|aPrise de décision|2gcpds |
| 775 | 08|tMeasuring ethical values in the Department of National Defence : |w(CaOODSP)9.700088 |
| 856 | 40|ahttp://publications.gc.ca|qPDF|s4.40 Mo|uhttps://publications.gc.ca/collections/collection_2014/mdn-dnd/D2-348-2000-fra.pdf |
| 986 | |aRapport de recherche commandité 001 |